<?xml version="1.0" encoding="UTF-8"?>
<record
    xmlns:xsi="http://www.w3.org/2001/XMLSchema-instance"
    xsi:schemaLocation="http://www.loc.gov/MARC21/slim http://www.loc.gov/standards/marcxml/schema/MARC21slim.xsd"
    xmlns="http://www.loc.gov/MARC21/slim">

  <leader>02053nam a2200265 i 4500</leader>
  <controlfield tag="001">000004322</controlfield>
  <controlfield tag="003">DO-SdBNP</controlfield>
  <controlfield tag="005">20240417133449.0</controlfield>
  <controlfield tag="007">ta</controlfield>
  <controlfield tag="008">090721s2007    dr aa         001 0 spa d</controlfield>
  <datafield tag="040" ind1=" " ind2=" ">
    <subfield code="a">DO-SdBNP</subfield>
    <subfield code="b">spa</subfield>
    <subfield code="c">BNPHU</subfield>
    <subfield code="e">rda</subfield>
  </datafield>
  <datafield tag="082" ind1=" " ind2=" ">
    <subfield code="a">353.132 7</subfield>
    <subfield code="b">O65i </subfield>
    <subfield code="2">22</subfield>
  </datafield>
  <datafield tag="110" ind1=" " ind2=" ">
    <subfield code="a">Ordenador Nacional para los Fondos Europeos del Desarrollo</subfield>
    <subfield code="9">55749</subfield>
  </datafield>
  <datafield tag="245" ind1=" " ind2="0">
    <subfield code="a">Informe 2005/06 /</subfield>
  </datafield>
  <datafield tag="264" ind1=" " ind2=" ">
    <subfield code="a">Santo Domingo :</subfield>
    <subfield code="b">Ordenador Nacional para los Fondos Europeos del Desarrollo,</subfield>
    <subfield code="c">2007.</subfield>
  </datafield>
  <datafield tag="300" ind1=" " ind2=" ">
    <subfield code="a">201 paginas. :</subfield>
    <subfield code="b">ilustrado ;</subfield>
    <subfield code="c">29 cm.</subfield>
  </datafield>
  <datafield tag="336" ind1=" " ind2=" ">
    <subfield code="2">rdacontent</subfield>
    <subfield code="a">texto</subfield>
    <subfield code="b">txt</subfield>
  </datafield>
  <datafield tag="337" ind1=" " ind2=" ">
    <subfield code="2">rdamedia</subfield>
    <subfield code="a">sin mediaci&#xF3;n</subfield>
    <subfield code="b">n</subfield>
  </datafield>
  <datafield tag="338" ind1=" " ind2=" ">
    <subfield code="2">rdacarrier</subfield>
    <subfield code="a">volumen</subfield>
    <subfield code="b">nc</subfield>
  </datafield>
  <datafield tag="505" ind1=" " ind2=" ">
    <subfield code="a">Mensaje del presidente constitucional de la Rep&#xFA;blica Dominicana 7|Mensaje del ordenador nacional para los fondos europeos de desarrollo 9|Nacimiento de la ONFED 12|Cariforo 19|Proyectos sectoriales 27|SECTOR COOPERACI&#xD3;N REGIONAL E INTEGRACI&#xD3;N 35|ISPRI, programa de apoyo a la integraci&#xF3;n regional 39|El RPTF, la fuerza regional preparatoria de trabajo 55|SECTOR ECON&#xD3;MICO 61|PROEMPRESA, programa de apoyo a las peque&#xF1;as empresas Dominicanas 63|CDE, Centro para el Desarrollo de la Empresa trabaja por el fortalecimiento y aumento de la capacidad de las instituciones privadas 69|BEI. 77|Programa de apoyo institucional en el &#xE1;rea de sistemas de manejo de las finanzas p&#xFA;blicas y apoyo presupuestario 83|Programa de desarrollo del sector comercial y privado del Caribe 87|SECTOR SOCIAL 93|PROSISA, programa de formaci&#xF3;n del sistema de salud del la R.D 93|PRO-ETP, programa de apoyo al desarrollo de la educaci&#xF3;n t&#xE9;cnico-profesional en la Rep&#xFA;blica Dominicana 111|PARME 125|PROBANANO 139|Proyecto de apoyo sectorial a la educaci&#xF3;n 147|PRIL 153|INICIATIVA SECTOR AGUA 171|SABAMAR 185|SYSMIN II 195|PAO-ONFED 203|Comportamiento de los recursos no reembolsables 1992-2006 211|Primer festival de festivales ACP 213</subfield>
  </datafield>
  <datafield tag="590" ind1=" " ind2=" ">
    <subfield code="a">Inventariado, 2023 / DG</subfield>
  </datafield>
  <datafield tag="650" ind1=" " ind2="0">
    <subfield code="a">Partidos pol&#xED;ticos</subfield>
    <subfield code="z">REPUBLICA DOMINICANA</subfield>
    <subfield code="9">3367</subfield>
  </datafield>
  <datafield tag="910" ind1=" " ind2=" ">
    <subfield code="a">DG</subfield>
  </datafield>
  <datafield tag="942" ind1=" " ind2=" ">
    <subfield code="2">ddc</subfield>
    <subfield code="c">LBS1</subfield>
  </datafield>
  <datafield tag="952" ind1=" " ind2=" ">
    <subfield code="0">0</subfield>
    <subfield code="1">0</subfield>
    <subfield code="2">ddc</subfield>
    <subfield code="5">1</subfield>
    <subfield code="7">0</subfield>
    <subfield code="8">PD</subfield>
    <subfield code="a">BNPHU</subfield>
    <subfield code="b">BNPHU</subfield>
    <subfield code="c">CT</subfield>
    <subfield code="d">2023-04-14</subfield>
    <subfield code="l">0</subfield>
    <subfield code="o">BNPHU PD 353.132 7 O65i </subfield>
    <subfield code="p">2023-1376</subfield>
    <subfield code="r">2023-04-14</subfield>
    <subfield code="w">2023-04-14</subfield>
    <subfield code="y">LBS1</subfield>
  </datafield>
  <datafield tag="952" ind1=" " ind2=" ">
    <subfield code="0">0</subfield>
    <subfield code="1">0</subfield>
    <subfield code="2">ddc</subfield>
    <subfield code="5">1</subfield>
    <subfield code="7">0</subfield>
    <subfield code="8">PD</subfield>
    <subfield code="a">BNPHU</subfield>
    <subfield code="b">BNPHU</subfield>
    <subfield code="c">CT</subfield>
    <subfield code="d">2023-04-14</subfield>
    <subfield code="l">0</subfield>
    <subfield code="o">BNPHU PD 353.132 7 O65i </subfield>
    <subfield code="p">2023-1377</subfield>
    <subfield code="r">2023-04-14</subfield>
    <subfield code="t">e.2</subfield>
    <subfield code="w">2023-04-14</subfield>
    <subfield code="y">LBS1</subfield>
  </datafield>
  <datafield tag="999" ind1=" " ind2=" ">
    <subfield code="c">53254</subfield>
    <subfield code="d">53254</subfield>
  </datafield>
</record>
